[Event "Haifa ol (Women) fin-A"]
[Site "Haifa"]
[Date "1976.??.??"]
[Round "7.3"]
[White "Larsen, Ingrid"]
[Black "Garcia Padron, Mary Pino"]
[Result "0-1"]
[WhiteElo "1920"]
[BlackElo "1800"]
[PlyCount "108"]
[EventDate "1976.10.25"]
[EventType "team"]
[EventRounds "7"]
[EventCountry "ISR"]
[SourceTitle "EXT 2000"]
[Source "ChessBase"]
[SourceDate "1999.11.16"]
[SourceVersion "1"]
[SourceVersionDate "1999.11.16"]
[SourceQuality "1"]
[WhiteTeam "Danmark"]
[BlackTeam "Spanien"]

1. d4 Nf6 2. Nf3 g6 3. c4 Bg7 4. Nc3 O-O 5. e4 d6 6. Be2 e5 7. dxe5 dxe5 8. O-O
Nbd7 9. Be3 c6 10. h3 Qe7 11. Qd2 Nc5 12. Bxc5 Qxc5 13. Rfd1 Be6 14. Na4 Qe7
15. Qc2 Nh5 16. c5 Nf4 17. Bc4 Rfd8 18. Kh2 h5 19. b4 Qf6 20. Bxe6 Nxe6 21. Kg1
Nf4 22. Nb2 Nxh3+ 23. Kf1 Ng5 24. Rxd8+ Rxd8 25. Nxg5 Qxg5 26. Rd1 Rxd1+ 27.
Qxd1 Qh4 28. f3 Qh1+ 29. Kf2 Qxd1 30. Nxd1 Bh6 31. Nb2 Bd2 32. a3 Bc3 33. Nc4
b6 34. cxb6 axb6 35. Ke2 Bd4 36. Kd3 Kf8 37. a4 Ke7 38. f4 f6 39. fxe5 fxe5 40.
Nd2 b5 41. axb5 cxb5 42. Nf3 Ba1 43. Ne1 Kf6 44. Nf3 Bb2 45. Kc2 Ba3 46. Kb3
Bc1 47. Kc3 Bh6 48. Kd3 Bf8 49. Kc3 Be7 50. Kb3 Ke6 51. g3 Bd8 52. Kc3 Bb6 53.
Ng5+ Kf6 54. Nh3 g5 0-1